Normal view
MARC view
- Klette, Reinhard , Rosenfeld , Azriel
Entry Personal Name
001 - CONTROL NUMBER
- control field: 63680
003 - CONTROL NUMBER IDENTIFIER
- control field: NUST
005 - DATE AND TIME OF LATEST TRANSACTION
- control field: 20210628203146.0
008 - FIXED-LENGTH DATA ELEMENTS
- fixed length control field: 210628|| aca||aabn | a|a d
040 ## - CATALOGING SOURCE
- Original cataloging agency: NUST
- Transcribing agency: NUST
100 ## - HEADING--PERSONAL NAME
- Personal name: Klette, Reinhard , Rosenfeld , Azriel
670 ## - SOURCE DATA FOUND
- Source citation: Work cat.: (NUST): Klette, Reinhard , Rosenfeld , Azriel, Digital geometry , geometric methods for digital picture analysis, 2005
